[Event "Rio de Janeiro op"]
[Site "Rio de Janeiro"]
[Date "2022.04.23"]
[Round "4"]
[White "Lourenco, Valerio dos Santos"]
[Black "Fatz, Gabriel Johnson Pat"]
[Result "1-0"]
[WhiteElo "1700"]
[BlackElo "1800"]
[PlyCount "31"]
[EventDate "2022.04.21"]
[EventType "swiss"]
[EventRounds "6"]
[EventCountry "BRA"]
[SourceTitle "EXT 2023"]
[Source "ChessBase"]
[SourceDate "2022.10.05"]
[SourceVersion "1"]
[SourceVersionDate "2022.10.05"]
[SourceQuality "1"]

1. e4 c5 2. Nf3 Nc6 3. d4 cxd4 4. Nxd4 g6 5. Nc3 Bg7 6. Be3 e6 7. Ndb5 Be5 8. f4 Bb8 9. e5 Nge7 10. g4 0-0 11. Nd6 f5 12. g5 Kh8 13. Qd2 a6 14. h4 Rg8 15. Nf7+ Kg7 16. Nxd8 1-0